1474 1203 1210 1831 1107 1971 1066 1117 1568 1876 1290 1973 1242 1050 1058 1718 1236 1979 1128 1095 1789 1577 1512 1905 1516 1828 1875 1474 1101 1006 1672 1693 1646 1354 1480 1011 1516 1124 1283 1107 1809 1605 1736 1801 1603 1997 1532 1182 1360 1953 1987 1108 1553 1530 1262 1636 1572 1755 1319 1144 1363 1198 1830 1073 1918 1029 1991 1406 1371 1379 1573 1705 1255 1453 1015 1498 1739 1275 1076 1758 1375 1899 1925 1909 1241 1929 1303 1960 1092 1133 1010 1488 1327 1317 1112 1399 1862 1854 1604 BCNSPRNW ULIB Ver.6.0+V

เปลี่ยนเป็นภาษาไทย

Change to English
 แสดงรายละเอียดบรรณานุกรม
  กลับหน้าหลัก

Brief Record : Get Marc (ISO 2709) : E-mail record : QR code < ปิดหน้าต่าง
LEADER : 00000nam 2200000uu 4500
001    13399128530
003     ULIB
008    230831s2565||||th 000 0 tha d
020    ^a9786163813008
060    ^aWS440^bท521ต
110    ^aทีมวิชาการ Life Balance
245    ^aตี๋น้อยเอาแต่ใจ
250    ^aพิมพ์ครั้งที่ 1
260    ^aกรุงเทพฯ :^bLife Balance,^cม.ป.ป.
300    ^a24 หน้า;^c19 ซม.
650    ^aนิทานเด็ก
650    ^aเด็ก-พัฒนาการ
945    ^p49^l0^i010298
999    ^aประนอม เกษจรัล
รายการนี้ยังไม่มีแท็ก
คุณยังไม่ได้ล็อกอิน คุณสามารถมีกิจกรรมร่วมกับเว็บไซต์ได้ แต่ต้องล็อกอินก่อน ::
  ล็อกอิน

รายการสื่อสารสนเทศ

ลำดับที่ ประเภท เลขเรียก/บาร์โค้ด สถานที่ สถานะ
1. วิทยาศาสตร์การแพทย์ และสุขภาพ
วิทยาศาสตร์การแพทย์ และสุขภาพ
WS440 ท521ต ฉ.1 
  Barcode: 010298
ห้องสมุดวิทยาเขตสวรรค์ประชารักษ์
►หนังสือทั่วไป
บนชั้น

รายการใกล้เคียง
    ชื่อเรื่อง [ตี๋น้อยเอาแต่ใจ]

    หัวเรื่อง [นิทานเด็ก]
    หัวเรื่อง [เด็ก-พัฒนาการ]

BibComment


ยังไม่เคยถูกคอมเมนท์

คอมเมนท์ทรัพยากรรายการนี้
  คอมเมนท์: ตี๋น้อยเอาแต่ใจ


 Copyright 2026. Bcnsprnw @Library